La sociologie allemande contemporaine / (Record no. 14197)

000 -LEADER
fixed length control field 00416cam a2200169 a 4500
020 ## - INTERNATIONAL STANDARD BOOK NUMBER
ISBN 2130371345 :
040 ## - CATALOGING SOURCE
Transcribing agency DLC
082 00 - DEWEY DECIMAL CLASSIFICATION NUMBER
Classification number 301 PUF 1981 A065 Or.
100 1# - MAIN ENTRY--AUTHOR NAME
Personal name Aron, Raymond,
245 13 - TITLE STATEMENT
Title La sociologie allemande contemporaine /
250 ## - EDITION STATEMENT
Edition statement 4e éd. mise à jour.
260 ## - PUBLICATION, DISTRIBUTION, ETC. (IMPRINT)
Place of publication Paris :
Name of publisher PUF,
Year of publication 1981.
300 ## - PHYSICAL DESCRIPTION
Number of Pages xviii, 147 p. ;
Dimensions 19 cm.
490 1# - SERIES STATEMENT
Series statement Quadrige ;
650 #0 - SUBJECT ADDED ENTRY--TOPICAL TERM
Topical Term Sociology
942 ## - ADDED ENTRY ELEMENTS (KOHA)
Koha item type សៀវភៅភាសាបារាំង
952 ## - LOCATION AND ITEM INFORMATION (KOHA)
Withdrawn status [LOCAL, KOHA] 0
Holdings
Permanent Location Date acquired Koha item type Lost status Shelving location Barcode Current Location Full call number
Library Block A2017-10-10សៀវភៅភាសាបារាំង A065A19848Library Block A301 PUF 1981 A065 Or.
មជ្ឈមណ្ឌលឯការនៃសាកលវិទ្យាល័យភូមិន្ទកសិកម្មចំការដូង

Powered by Koha